000 00472nam a2200181Ia 4500
001 17113
005 20260306170401.0
008 260306t2010||||xx |||||||||||||| ||und||
041 _aESP
082 _a657.458
_bP51
100 _aPhillips, Ann W.
_eAUT
245 0 _aCómo gestionar con éxito una auditoría interna conforme a ISO 9001:
_b2008
260 _c2010
300 _a189 páginas :
_c24 cm.
650 _aGEN
654 _aCCO
942 _cLIB
_dJUS
_fJUS
_2ddc
_n
999 _c17113
_d17113